000 00302nam a2200133Ia 4500
100 _aChary/S.N
942 _cBK
654 _aproduction
245 _aProduction and Operation Management
260 _bTata Mc Graw hill
_aNew Delhi
_c1993
082 _a658.5
_bCHA
300 _a493
546 _aENGLISH
999 _c22409
_d22409